000
00279nam a2200121 a 4500
008
101022s1966|||| d
245
1
0
_a
Ja a tí druhí
100
1
_a
Lászlová, Karin
044
_a
xo
_c
SK
260
_b
Smena
_a
Bratislava
_c
1966
020
_c
10,50
041
_a
slo
999
_c
12106
_d
12106